Nuestras colonias en Guinea (Record no. 108736)

MARC details
000 -LEADER
campo de control de longitud fija 00629nam a2200181 i 4500
001 - NÚMERO DE CONTROL
campo de control 108736
003 - IDENTIFICADOR DE NÚMERO DE CONTROL
campo de control ES-MaACL
005 - FECHA Y HORA DE LA ÚLTIMA TRANSACCIÓN
campo de control 20250716063255.0
007 - CAMPO FIJO DE DESCRIPCIÓN FÍSICA--INFORMACIÓN GENERAL
campo de control de longitud fija t|
008 - DATOS DE LONGITUD FIJA--INFORMACIÓN GENERAL
campo de control de longitud fija 061121s1902 sp r ||||1| spa d
100 1# - ENTRADA PRINCIPAL--NOMBRE DE PERSONA
Nombre de persona Montaldo y Peró, Federico,
Fechas asociadas al nombre 1859-1912
9 (RLIN) 82342
245 10 - MENCIÓN DEL TÍTULO
Título Nuestras colonias en Guinea
Resto del título : consideraciones técnicas, sociales y políticas /
Mención de responsabilidad, etc. Federico Montaldo.
260 ## - PUBLICACIÓN, DISTRIBUCIÓN, ETC.
Lugar de publicación, distribución, etc. Madrid :
Nombre del editor, distribuidor, etc. [s.n],
Fecha de publicación, distribución, etc. 1902 (
Fabricante Imp. y Lit. del Ministerio de Marina)
300 ## - DESCRIPCIÓN FÍSICA
Extensión 88 p. ;
Dimensiones 21 cm.
651 #4 - PUNTO DE ACCESO ADICIONAL DE MATERIA--NOMBRE GEOGRÁFICO
Nombre geográfico Guinea Ecuatorial-
Subdivisión general Administración.
9 (RLIN) 146007
852 ## - LOCALIZACIÓN
Ubicación ES-MaACL
Número de control de estantería T-987-F-7
Holdings
Estatus retirado Estado de pérdida Estado de daño No para préstamo Colección Biblioteca de origen Biblioteca actual Ubicación en estantería Fecha de adquisición Fuente de adquisición Total de préstamos Signatura topográfica completa Código de barras Visto por última vez Precio de reemplazo Tipo de ítem Koha
        Colección de folletos Biblioteca del Ateneo de Madrid Biblioteca del Ateneo de Madrid Depósito folletos 17/01/2008     T-987-F-7 1113462 23/02/2023 23/02/2023 Folleto